Statistiques concernant Coupe du monde de rugby 2011

Cliquez ici pour prendre le quiz!

Statistiques générales

  • Ce quiz a été pris 197 fois
  • Le résultat moyen est 19 sur 20

Statistiques - réponses

Réponse% Correct
France
100%
Nouvelle-Zélande
100%
Angleterre
99%
Australie
99%
Irlande
99%
Afrique du Sud
98%
Ecosse
98%
Fidji
98%
Pays de Galles
98%
Italie
96%
Argentine
95%
Tonga
95%
Japon
93%
Samoa
92%
Canada
91%
Namibie
91%
Etats-Unis
90%
Roumanie
87%
Géorgie
80%
Russie
76%

Distribution des résultats

Percentile par nombre de réponses

% des personnes avec chaque résultat

Votre développement - résultats

Vous n’avez pas pris ce quiz